PHYSCAL MECHANICS (Record no. 672)
[ view plain ]
| 000 -LEADER | |
|---|---|
| fixed length control field | 00275nam a22000977a 4500 |
| 005 - DATE AND TIME OF LATEST TRANSACTION | |
| control field | 20250901165228.0 |
| 008 - FIXED-LENGTH DATA ELEMENTS--GENERAL INFORMATION | |
| fixed length control field | 210224b ||||| |||| 00| 0 eng d |
| 050 ## - LIBRARY OF CONGRESS CALL NUMBER | |
| Classification number | QA 908 .L56 |
| 245 ## - TITLE STATEMENT | |
| Title | PHYSCAL MECHANICS |
| Statement of responsibility, etc. | LINDSAY, ROBERT BRUCE |
| 942 ## - ADDED ENTRY ELEMENTS (KOHA) | |
| Source of classification or shelving scheme | Library of Congress Classification |
| Classification part | QA 908 .L56 1961 |
| Withdrawn status | Lost status | Source of classification or shelving scheme | Damaged status | Not for loan | Home library | Current library | Shelving location | Date acquired | Total checkouts | Full call number | Barcode | Date last seen | Price effective from | Koha item type |
|---|---|---|---|---|---|---|---|---|---|---|---|---|---|---|
| Library of Congress Classification | Main Library | Main Library | 02/24/2021 | QA 908 .L56 1961 | PIU0190144 | 02/24/2021 | 02/24/2021 | Books |